000 00358nam a2200133 i 4500
001 bg
100 1 _aTYMIENIECKA, Aleksandra
245 0 _aPolityka Polskiej Partii Socjalistycznej w latach 1924-1928 /
_cAleksandra Tymieniecka.
260 _aWarszawa,
_c1969.
040 _cBPK
041 _apol
942 _cKS
008 s pl f |000 0 pol
999 _c26618
_d26618
856 _uhttp://koha.tu.koszalin.pl/cgi-bin/koha/opac-detail.pl?biblionumber=26618
_yKatalog online BPK